Gabonakiviteli tilalom 1592-ben

Elmentve itt :
Bibliográfiai részletek
Dokumentumtípus: Cikk
Megjelent: 1895
Sorozat:Magyar gazdaságtörténelmi szemle 2
Kulcsszavak:Közgazdaságtudomány, Gazdaságtörténet
Online Access:http://misc.bibl.u-szeged.hu/81
LEADER 00539nab a2200157 i 4500
001 misc81
005 20191106144256.0
008 170607s1895 hu o 0|| hun d
040 |a SZTE Miscellanea Repozitórium  |b hun 
041 |a hun 
245 0 0 |a Gabonakiviteli tilalom 1592-ben  |h [elektronikus dokumentum] 
260 |c 1895 
300 |a 134-135 
490 0 |a Magyar gazdaságtörténelmi szemle  |v 2 
695 |a Közgazdaságtudomány, Gazdaságtörténet 
856 4 0 |u http://misc.bibl.u-szeged.hu/81/1/gazd_tort_szeml_1895_134-135.pdf  |z Dokumentum-elérés